Kanadan suurimmat kaupungit - Statistics

Yleistilastot
  • Tätä visaa on pelattu 1 249 kertaa
  • Keskiarvotulos 8 / 24
Vastaustilastot
Väkiluku Kaupunki % Oikein
1 017 449 Ottawa
94%
2 794 356 Toronto
93%
1 762 949 Montréal
85%
662 248 Vancouver
80%
1 010 899 Edmonton
70%
1 306 784 Calgary
65%
749 607 Winnipeg
63%
549 459 Quebec
62%
439 819 Halifax
34%
422 324 London
25%
266 141 Saskatoon
25%
226 404 Regina
22%
569 353 Hamilton
20%
717 961 Mississauga
14%
229 660 Windsor
10%
256 885 Kitchener
8%
568 322 Surrey
7%
656 480 Brampton
6%
438 366 Laval
6%
249 125 Burnaby
5%
291 041 Gatineau
5%
338 503 Markham
5%
323 103 Vaughan
5%
254 483 Longueuil
3%
Ehtoja vastaavia visoja ei löytynyt
Tulosjakauma
Jokaisen tuloksen saaneiden osuus
Persentiili vastausten määrän mukaan
Tuloshistoriasi
Et ole pelannut tätä visaa